书目信息 |
| 题名: |
城市绿地植物虫害及其防治
|
|
| 作者: | 迟德富 , 严善春 主编 | |
| 分册: | ||
| 出版信息: | 北京 中国林业出版社 2001.01 |
|
| 页数: | 369页 | |
| 开本: | 26cm | |
| 丛书名: | ||
| 单 册: | ||
| 中图分类: | S436.8 | |
| 科图分类: | ||
| 主题词: | 植物--病虫害 , 植物--病虫害防治方法 | |
| 电子资源: | ||
| ISBN: | 7-5038-2538-3 | |
| 000 | 00685nam0 2200217 45 | |
| 001 | 0256606147 | |
| 005 | 2002041015432555 | |
| 010 | @a7-5038-2538-3@dCNY 38.00 | |
| 100 | @a20020410d2001 km y0chiy0120 ea | |
| 101 | 0 | @achi |
| 102 | @aCN@b110000 | |
| 200 | 1 | @a城市绿地植物虫害及其防治@ACheng Shi Lu Di Zhi Wu Chong Hai Ji Qi Fang Zhi@f迟德富,严善春主编@FChi De Fu,Yan Shan Chun Zhu Bian |
| 210 | @a北京@c中国林业出版社@d2001.01 | |
| 215 | @a369页@d26cm | |
| 606 | 0 | @a植物@x病虫害 |
| 606 | 0 | @a植物@x病虫害防治方法 |
| 690 | @aS436.8@v3 | |
| 701 | 0 | @a迟德富@AChi De Fu@4主编 |
| 701 | 0 | @a严善春@AYan Shan Chun@4主编 |
| 801 | 0 | @aCN@bPFT@c20020410 |
| 905 | @a安徽大学@dS436.8@eC810 | |
| 城市绿地植物虫害及其防治/迟德富,严善春主编.-北京:中国林业出版社,2001.01 |
| 369页;26cm |
| ISBN 7-5038-2538-3:CNY 38.00 |
| ● |
| 相关链接 |
|
|
|
正题名:城市绿地植物虫害及其防治
索取号:S436.8/C810
 
预约/预借
| 序号 | 登录号 | 条形码 | 馆藏地/架位号 | 状态 | 备注 |
| 1 | 355643 | 203556437 | 自科库401/401自科库 67排3列4层/ [索取号:S436.8/C810] | 在馆 | |
| 2 | 355644 | 203556446 | 自科库401/401自科库 67排3列4层/ [索取号:S436.8/C810] | 在馆 | |
| 3 | 396108 | 203961089 | 自科库401/401自科库 67排3列4层/ [索取号:S436.8/C810] | 在馆 | |
| 4 | 396109 | 203961098 | 自科库401/401自科库 67排3列4层/ [索取号:S436.8/C810] | 在馆 |